[Event "Titled Tuesday intern op 22nd Aug Early"]
[Site "Chess.com INT"]
[Date "2023.08.22"]
[Round "5"]
[White "Sierra Vallina, Lionel"]
[Black "Wang, Alex Yuxuan"]
[Result "0-1"]
[WhiteElo "2211"]
[BlackElo "2140"]
[PlyCount "110"]
[EventDate "2023.08.22"]
[EventType "swiss (blitz)"]
[EventRounds "11"]
[EventCountry "USA"]
[SourceTitle "EXT 2024"]
[Source "ChessBase"]
[SourceDate "2023.10.10"]
[SourceVersion "1"]
[SourceVersionDate "2023.10.10"]
[SourceQuality "1"]

1. e4 c5 2. Nf3 d6 3. Bb5+ Bd7 4. Bxd7+ Qxd7 5. 0-0 Nc6 6. c3 Nf6 7. Re1 e6 8. d4 cxd4 9. cxd4 d5 10. e5 Ne4 11. a3 Be7 12. Nbd2 Nxd2 13. Bxd2 0-0 14. Rc1 f6 15. exf6 Rxf6 16. Bg5 Rf7 17. Bxe7 Qxe7 18. Re3 Raf8 19. Qe2 Rf6 20. Re1 Qd7 21. Rxe6 Rxf3 22. gxf3 Nxd4 23. Qe3 Nxf3+ 24. Kh1 Nxe1 25. Qxe1 Qf7 26. Kg1 Qf3 27. Re3 Qg4+ 28. Rg3 Qd4 29. Qe6+ Kh8 30. Qe2 Qf6 31. Kg2 a6 32. Rf3 Qg6+ 33. Rg3 Qb6 34. Qd2 h6 35. b4 Qf6 36. Qe2 Qf5 37. h3 d4 38. Kg1 Qb1+ 39. Kg2 Qf5 40. Kg1 Qf4 41. Kg2 b6 42. Kg1 a5 43. Kg2 axb4 44. axb4 Qd6 45. Qb5 Qf4 46. Qe2 Qf5 47. Kg1 Qb1+ 48. Kg2 Qxb4 49. Qe5 Rf7 50. Qd5 Re7 51. Qf5 Re8 52. Qd7 Re7 53. Qd8+ Kh7 54. Qf8 Qd6 55. Rxg7+ Rxg7+ 0-1

[Event "Titled Tuesday intern op 11th Jul Early"]
[Site "Chess.com INT"]
[Date "2023.07.11"]
[Round "8"]
[White "Chernomordik, Pavel"]
[Black "Wang, Alex Yuxuan"]
[Result "1-0"]
[WhiteElo "2124"]
[BlackElo "2026"]
[PlyCount "53"]
[EventDate "2023.07.11"]
[EventType "swiss (blitz)"]
[EventRounds "11"]
[EventCountry "USA"]
[SourceTitle "EXT 2024"]
[Source "ChessBase"]
[SourceDate "2023.10.10"]
[SourceVersion "1"]
[SourceVersionDate "2023.10.10"]
[SourceQuality "1"]

1. e4 c5 2. Nc3 Nc6 3. Bb5 Nd4 4. Bc4 e6 5. Nge2 a6 6. Nxd4 cxd4 7. Ne2 b5 8. Bb3 Bb7 9. d3 Qb6 10. 0-0 Nf6 11. Ng3 Be7 12. f4 0-0-0 13. a4 b4 14. a5 Qc7 15. Bd2 Bc5 16. Qe1 Ng4 17. Bxb4 Ne3 18. Rf2 d5 19. e5 f6 20. Bxc5 Qxc5 21. Ra4 fxe5 22. fxe5 Rdf8 23. Qb4 Qxb4 24. Rxb4 Rxf2 25. Kxf2 Rf8+ 26. Kg1 Rf4 27. c3 1-0

[Event "Titled Tuesday intern op 11th Jul Early"]
[Site "Chess.com INT"]
[Date "2023.07.11"]
[Round "3"]
[White "Yeritsyan, Hayk"]
[Black "Wang, Alex Yuxuan"]
[Result "0-1"]
[WhiteElo "2181"]
[BlackElo "2026"]
[PlyCount "74"]
[EventDate "2023.07.11"]
[EventType "swiss (blitz)"]
[EventRounds "11"]
[EventCountry "USA"]
[SourceTitle "EXT 2024"]
[Source "ChessBase"]
[SourceDate "2023.10.10"]
[SourceVersion "1"]
[SourceVersionDate "2023.10.10"]
[SourceQuality "1"]

1. d4 Nf6 2. Nf3 g6 3. Bf4 Bg7 4. h3 0-0 5. e3 d5 6. c3 c5 7. Be2 Nc6 8. 0-0 Nd7 9. Na3 e5 10. Bh2 a6 11. Rc1 b5 12. Nc2 Bb7 13. Re1 Re8 14. Rf1 Qb6 15. Na3 Rad8 16. dxe5 Ndxe5 17. Nxe5 Nxe5 18. Bxe5 Bxe5 19. Nc2 a5 20. Bf3 b4 21. Qd2 d4 22. cxd4 Bxf3 23. gxf3 cxd4 24. Nxd4 Bxd4 25. exd4 Rxd4 26. Qg5 Qe6 27. Kg2 Rd5 28. Qg4 Qf6 29. Rc8 Rxc8 30. Qxc8+ Kg7 31. Qb7 Rg5+ 32. Kh1 Qf5 33. Kh2 Rh5 34. Kg3 Rxh3+ 35. Kg2 Rh4 36. Rh1 Qg5+ 37. Kf1 Rxh1+ 0-1

[Event "US op 122nd"]
[Site "Rancho Mirage"]
[Date "2022.08.07"]
[Round "9"]
[White "Schmakel, Sam A"]
[Black "Wang, Alex Yuxuan"]
[Result "1-0"]
[WhiteElo "2420"]
[BlackElo "2019"]
[PlyCount "40"]
[EventDate "2022.07.30"]
[EventType "swiss"]
[EventRounds "9"]
[EventCountry "USA"]
[SourceTitle "CBM 209 Extra"]
[Source "ChessBase"]
[SourceDate "2022.09.30"]
[SourceVersion "1"]
[SourceVersionDate "2022.09.30"]
[SourceQuality "1"]

1. c4 Nf6 2. Nc3 d5 3. cxd5 Nxd5 4. Nf3 g6 5. h4 Nxc3 6. bxc3 h6 7. e4 Bg7 8. d4 c5 9. Rb1 0-0 10. Be2 cxd4 11. cxd4 Qa5+ 12. Bd2 Qxa2 13. 0-0 Bg4 14. Rxb7 Nd7 15. Qb1 Qxb1 16. Rfxb1 a5 17. Kf1 a4 18. Be3 a3 19. Nd2 Bxe2+ 20. Kxe2 Nc5 1-0

[Event "PNWCC Super G60 Feb Gp2"]
[Site "Chess.com INT"]
[Date "2021.02.28"]
[Round "6"]
[White "Sarkar, Justin"]
[Black "Wang, Alex Yuxuan"]
[Result "1-0"]
[WhiteElo "2366"]
[BlackElo "1983"]
[PlyCount "41"]
[EventDate "2021.02.27"]
[EventType "swiss"]
[EventRounds "6"]
[EventCountry "USA"]
[SourceTitle "CBM 200 Extra"]
[Source "ChessBase"]
[SourceDate "2021.03.31"]
[SourceVersion "1"]
[SourceVersionDate "2021.03.31"]
[SourceQuality "1"]

1. e4 c5 2. Nf3 d6 3. d4 cxd4 4. Nxd4 Nf6 5. f3 g6 6. Nc3 Bg7 7. Be3 a6 8. Qd2 b5 9. a4 b4 10. Nd5 Nxd5 11. exd5 a5 12. Bb5+ Bd7 13. Bh6 0-0 14. h4 Bxb5 15. axb5 e6 16. Bxg7 Kxg7 17. h5 exd5 18. hxg6 Qe7+ 19. Kf2 fxg6 20. Rae1 Qa7 21. b6 1-0

[Event "PNWCC Super G60 Feb Gp2"]
[Site "Chess.com INT"]
[Date "2021.02.28"]
[Round "4"]
[White "Wang, Alex Yuxuan"]
[Black "Estrada Nieto, Julian"]
[Result "1/2-1/2"]
[WhiteElo "1983"]
[BlackElo "2280"]
[PlyCount "40"]
[EventDate "2021.02.27"]
[EventType "swiss"]
[EventRounds "6"]
[EventCountry "USA"]
[SourceTitle "CBM 200 Extra"]
[Source "ChessBase"]
[SourceDate "2021.03.31"]
[SourceVersion "1"]
[SourceVersionDate "2021.03.31"]
[SourceQuality "1"]

1. d4 d5 2. c4 dxc4 3. Nf3 Nf6 4. e3 e6 5. Bxc4 c5 6. 0-0 a6 7. a4 Nc6 8. Nc3 Be7 9. b3 0-0 10. Bb2 b6 11. d5 exd5 12. Nxd5 Nxd5 13. Bxd5 Bb7 14. Ne5 Bf6 15. Nxc6 Bxc6 16. Bxc6 Bxb2 17. Bxa8 Bxa1 18. Qxd8 Rxd8 19. Bb7 Bc3 20. Bxa6 Rd2 1/2-1/2

[Event "PNWCC PDT Section 1"]
[Site "Chess.com INT"]
[Date "2021.01.30"]
[Round "2"]
[White "Wang, Alex Yuxuan"]
[Black "Xie, Bryan"]
[Result "1-0"]
[WhiteElo "1983"]
[BlackElo "2050"]
[PlyCount "161"]
[EventDate "2021.01.30"]
[EventType "swiss (rapid)"]
[EventRounds "3"]
[EventCountry "USA"]
[SourceTitle "CBM 200 Extra"]
[Source "ChessBase"]
[SourceDate "2021.03.31"]
[SourceVersion "1"]
[SourceVersionDate "2021.03.31"]
[SourceQuality "1"]

1. d4 Nf6 2. c4 e6 3. Nf3 b6 4. g3 Bb7 5. Bg2 Be7 6. 0-0 0-0 7. Nc3 d5 8. Ne5 Nbd7 9. e3 c6 10. e4 dxc4 11. Nxc4 Ba6 12. b3 b5 13. Ne3 e5 14. Ne2 exd4 15. Nxd4 Rc8 16. Bb2 b4 17. Re1 Ne5 18. Ne6 fxe6 19. Bxe5 Qa5 20. Bb2 Rcd8 21. Qc2 Bc5 22. Rac1 Bxe3 23. Rxe3 Ng4 24. Rf3 Qh5 25. h3 Rxf3 26. Bxf3 Qxh3 27. Bxg4 Qxg4 28. Qxc6 Be2 29. Qc7 Rf8 30. Qe5 Bd3 31. f3 Qg6 32. Rc7 Rf7 33. Rc8+ Rf8 34. Rxf8+ Kxf8 35. Qd6+ Ke8 36. Qxd3 Qxg3+ 37. Kf1 Qh3+ 38. Ke1 Qh4+ 39. Kd2 Qh2+ 40. Qe2 Qf4+ 41. Kd1 Qd6+ 42. Qd2 Qg3 43. Qe2 Qg1+ 44. Qe1 Qg2 45. Qe2 Qg1+ 46. Kc2 Qc5+ 47. Qc4 Qf2+ 48. Kb1 Qxf3 49. Qxe6+ Kd8 50. Qd6+ Kc8 51. Qc6+ Kd8 52. Bxg7 Qh1+ 53. Qc1 Qxe4+ 54. Qc2 Qf3 55. Be5 Qb7 56. Qd3+ Qd7 57. Qxd7+ Kxd7 58. Kc2 Kc6 59. Kd3 Kd5 60. Bc7 h5 61. Bd8 Kc5 62. Ke4 Kb5 63. Kd5 a6 64. Kd6 a5 65. Kd5 a4 66. Kd6 h4 67. Bxh4 Ka6 68. Kc5 Ka5 69. Bd8+ Ka6 70. Kxb4 axb3 71. axb3 Kb7 72. Kb5 Kc8 73. Bg5 Kb7 74. Bf4 Ka7 75. Kc6 Ka6 76. b4 Ka7 77. b5 Ka8 78. Be3 Kb8 79. b6 Kc8 80. b7+ Kb8 81. Bf4+ 1-0

[Event "PNWCC WOW op"]
[Site "Chess.com INT"]
[Date "2020.12.28"]
[Round "7"]
[White "Wang, Alex Yuxuan"]
[Black "Vega, Isaac"]
[Result "1-0"]
[WhiteElo "1983"]
[BlackElo "1735"]
[PlyCount "99"]
[EventDate "2020.12.26"]
[EventType "swiss"]
[EventRounds "9"]
[EventCountry "USA"]
[SourceTitle "CBM 200 Extra"]
[Source "ChessBase"]
[SourceDate "2021.03.31"]
[SourceVersion "1"]
[SourceVersionDate "2021.03.31"]
[SourceQuality "1"]

1. d4 Nf6 2. c4 e6 3. Nf3 d5 4. g3 Bb4+ 5. Bd2 Be7 6. Bg2 0-0 7. 0-0 Nbd7 8. Qc2 Ne4 9. Nc3 Nxd2 10. Nxd2 c6 11. e4 dxc4 12. Nxc4 Nb6 13. Nxb6 axb6 14. Rfd1 b5 15. d5 b4 16. dxe6 Qa5 17. exf7+ Rxf7 18. Ne2 Bg4 19. h3 Bf3 20. Bxf3 Rxf3 21. Kg2 Rf6 22. f4 Raf8 23. Rd7 Bc5 24. e5 Rg6 25. Qc4+ Kh8 26. Rad1 Be3 27. Rxb7 h5 28. Qd3 Qd5+ 29. Qxd5 cxd5 30. Rxb4 h4 31. Kf3 d4 32. g4 Ra6 33. a3 g6 34. Nxd4 Bxf4 35. Ne6 Rxe6 36. Rxf4 Rb8 37. b4 Rxe5 38. Re4 Rf8+ 39. Ke3 Rxe4+ 40. Kxe4 Rf2 41. Rd3 Rg2 42. a4 Rb2 43. b5 Rb4+ 44. Kd5 Rxa4 45. b6 Rb4 46. Kc6 Kg7 47. Rc3 Kf8 48. b7 Ke7 49. Kc7 Rd4 50. b8Q 1-0

[Event "PNWCC WOW op"]
[Site "Chess.com INT"]
[Date "2020.12.28"]
[Round "9"]
[White "Wang, Alex Yuxuan"]
[Black "Wiebe, Daniel"]
[Result "1/2-1/2"]
[WhiteElo "1983"]
[BlackElo "1988"]
[PlyCount "65"]
[EventDate "2020.12.26"]
[EventType "swiss"]
[EventRounds "9"]
[EventCountry "USA"]
[SourceTitle "CBM 200 Extra"]
[Source "ChessBase"]
[SourceDate "2021.03.31"]
[SourceVersion "1"]
[SourceVersionDate "2021.03.31"]
[SourceQuality "1"]

1. d4 Nf6 2. c4 g6 3. Nf3 Bg7 4. g3 d5 5. Bg2 c6 6. 0-0 dxc4 7. Ne5 Be6 8. Na3 Bd5 9. Naxc4 Bxg2 10. Kxg2 0-0 11. f3 b5 12. Na3 Nfd7 13. f4 Nxe5 14. dxe5 Nd7 15. Be3 Nb6 16. Rc1 Rc8 17. Bf2 f6 18. Qb3+ Qd5+ 19. Qxd5+ Nxd5 20. e4 Nb4 21. exf6 Bxf6 22. e5 Bg7 23. Bxa7 Nd3 24. Rc2 g5 25. Rd2 Nb4 26. Nc2 Nd5 27. Ne3 gxf4 28. Nxd5 f3+ 29. Rxf3 cxd5 30. Rxf8+ Kxf8 31. Rxd5 Rc2+ 32. Kh3 Rxb2 33. a3 1/2-1/2

[Event "PNWCC WOW op"]
[Site "Chess.com INT"]
[Date "2020.12.26"]
[Round "1"]
[White "Wang, Alex Yuxuan"]
[Black "Fridman, Daniel"]
[Result "0-1"]
[WhiteElo "1983"]
[BlackElo "2601"]
[PlyCount "60"]
[EventDate "2020.12.26"]
[EventType "swiss"]
[EventRounds "9"]
[EventCountry "USA"]
[SourceTitle "CBM 200 Extra"]
[Source "ChessBase"]
[SourceDate "2021.03.31"]
[SourceVersion "1"]
[SourceVersionDate "2021.03.31"]
[SourceQuality "1"]

1. d4 d5 2. c4 e6 3. Nc3 Nf6 4. cxd5 exd5 5. Bg5 c6 6. e3 Nbd7 7. Bd3 Be7 8. Qc2 Nf8 9. Nf3 Ne6 10. Bh4 g6 11. 0-0 0-0 12. Rab1 a5 13. a3 Ng7 14. b4 Nf5 15. Bg3 Nxg3 16. hxg3 Bd6 17. Qb3 Qe7 18. Na4 Bg4 19. Nd2 h5 20. Nb6 Ra7 21. Rfe1 Be6 22. Na4 axb4 23. axb4 Rfa8 24. Nb6 Ra3 25. Qc2 R8a7 26. b5 c5 27. e4 c4 28. Bf1 Ra2 29. Qd1 c3 30. exd5 c2 0-1

[Event "PNWCC WOW op"]
[Site "Chess.com INT"]
[Date "2020.12.26"]
[Round "2"]
[White "Wang, Alex Yuxuan"]
[Black "Matinian, Nikita"]
[Result "0-1"]
[WhiteElo "1983"]
[BlackElo "2470"]
[PlyCount "94"]
[EventDate "2020.12.26"]
[EventType "swiss"]
[EventRounds "9"]
[EventCountry "USA"]
[SourceTitle "CBM 200 Extra"]
[Source "ChessBase"]
[SourceDate "2021.03.31"]
[SourceVersion "1"]
[SourceVersionDate "2021.03.31"]
[SourceQuality "1"]

1. d4 Nf6 2. c4 g6 3. Nf3 Bg7 4. g3 0-0 5. Bg2 d6 6. 0-0 Nc6 7. Nc3 Bf5 8. Re1 Ne4 9. Nh4 Nxc3 10. bxc3 Bd7 11. e4 e5 12. Be3 a6 13. Qd2 Na5 14. Bf1 b5 15. cxb5 Bxb5 16. Bh6 Re8 17. Bxg7 Kxg7 18. f4 Bxf1 19. Rxf1 exd4 20. Qxd4+ Qf6 21. Qd3 Qe6 22. Rfe1 Qc4 23. Qc2 Rab8 24. Nf3 Qc5+ 25. Nd4 Nc4 26. Qa4 Nd2 27. Kh1 Nxe4 28. Nb3 Qxc3 29. Qd4+ Qxd4 30. Nxd4 Rb2 31. Rac1 Nf2+ 32. Kg1 Rxe1+ 33. Rxe1 c5 34. Re2 Rxe2 35. Nxe2 Nd3 36. Kg2 f5 37. Kf3 d5 38. Ke3 Nb4 39. a4 d4+ 40. Kd2 Kf6 41. Ng1 Ke6 42. Nf3 Kd5 43. Ng5 c4 44. Nxh7 c3+ 45. Kc1 d3 46. Nf6+ Kd4 47. Ne4 fxe4 0-1

[Event "PNWCC Super G60"]
[Site "Chess.com INT"]
[Date "2020.10.18"]
[Round "4.11"]
[White "Rychagov, Andrey"]
[Black "Wang, Alex Yuxuan"]
[Result "1-0"]
[WhiteElo "2545"]
[BlackElo "1983"]
[PlyCount "61"]
[EventDate "2020.10.17"]
[EventType "swiss"]
[EventRounds "6"]
[EventCountry "USA"]
[SourceTitle "CBM 198 Extra"]
[Source "ChessBase"]
[SourceDate "2020.11.30"]
[SourceVersion "1"]
[SourceVersionDate "2020.11.30"]
[SourceQuality "1"]

1. d4 Nf6 2. c4 g6 3. Nc3 d5 4. Nf3 Bg7 5. cxd5 Nxd5 6. Bg5 Nxc3 7. bxc3 0-0 8. Qd2 Re8 9. e3 c5 10. Be2 Nc6 11. 0-0 Qa5 12. Rab1 a6 13. Rfc1 b5 14. d5 Ne5 15. Nxe5 Bxe5 16. e4 Bb7 17. f4 Bg7 18. Bf3 Rad8 19. Qc2 Qc7 20. c4 b4 21. e5 f6 22. Bh4 fxe5 23. f5 Qd6 24. Be4 Bh6 25. fxg6 hxg6 26. Re1 Kg7 27. Rb3 Rg8 28. Bxg6 Kh8 29. Bf5 Bc8 30. Rh3 Rg7 31. Bg3 1-0

[Event "PNWCC Super G60"]
[Site "Chess.com INT"]
[Date "2020.10.17"]
[Round "1.9"]
[White "Wang, Alex Yuxuan"]
[Black "Jobava, Baadur"]
[Result "1/2-1/2"]
[WhiteElo "1983"]
[BlackElo "2603"]
[PlyCount "116"]
[EventDate "2020.10.17"]
[EventType "swiss"]
[EventRounds "6"]
[EventCountry "USA"]
[SourceTitle "CBM 198 Extra"]
[Source "ChessBase"]
[SourceDate "2020.11.30"]
[SourceVersion "1"]
[SourceVersionDate "2020.11.30"]
[SourceQuality "1"]

1. d4 Nf6 2. c4 e6 3. Nf3 b6 4. g3 Bb7 5. Bg2 Bb4+ 6. Bd2 a5 7. 0-0 0-0 8. a3 Be7 9. Nc3 h6 10. Qc2 d5 11. Ne5 Re8 12. Rfd1 Na6 13. Rac1 Bf8 14. Be1 Qc8 15. e4 dxe4 16. Nxe4 Nxe4 17. Bxe4 Bxe4 18. Qxe4 c5 19. Bc3 a4 20. Qf3 Ra7 21. d5 Nb8 22. Rd2 f6 23. Ng4 e5 24. Ne3 e4 25. Qh5 Kh7 26. Ng4 f5 27. Ne5 Kg8 28. Qg6 Rae7 29. f4 exf3 30. Nxf3 Re4 31. Rcd1 Nd7 32. Qxf5 Rxc4 33. Rf1 b5 34. Nh4 Nf6 35. Qf3 Qg4 36. Bxf6 Qxf3 37. Rxf3 gxf6 38. Nf5 Kf7 39. h3 h5 40. Rdf2 Re1+ 41. Kg2 Rcc1 42. Rf1 Re2+ 43. R1f2 Rxf2+ 44. Rxf2 Rd1 45. Ne3 Rd3 46. Re2 c4 47. Kf3 f5 48. g4 fxg4+ 49. hxg4 h4 50. Ke4 Kg6 51. Ng2 Kf7 52. Nxh4 Rb3 53. g5 c3 54. bxc3 Bxa3 55. g6+ Kg7 56. d6 Bxd6 57. Nf5+ Kxg6 58. Nxd6 Rxc3 1/2-1/2

[Event "PNWCC Super G60"]
[Site "Chess.com INT"]
[Date "2020.10.17"]
[Round "3.9"]
[White "Wang, Alex Yuxuan"]
[Black "Lenderman, Aleksandr"]
[Result "1/2-1/2"]
[WhiteElo "1983"]
[BlackElo "2634"]
[PlyCount "100"]
[EventDate "2020.10.17"]
[EventType "swiss"]
[EventRounds "6"]
[EventCountry "USA"]
[SourceTitle "CBM 198 Extra"]
[Source "ChessBase"]
[SourceDate "2020.11.30"]
[SourceVersion "1"]
[SourceVersionDate "2020.11.30"]
[SourceQuality "1"]

1. d4 d5 2. c4 e6 3. Nc3 Nf6 4. cxd5 exd5 5. Bg5 c6 6. Qc2 Bd6 7. e3 0-0 8. Bd3 h6 9. Bh4 Re8 10. Nge2 a5 11. Bg3 Na6 12. a3 Nc7 13. 0-0 Ne6 14. Rae1 Ng5 15. Bxd6 Qxd6 16. Ng3 Bd7 17. Kh1 Rad8 18. f3 Bc8 19. Bf5 Ne6 20. Rd1 Qc7 21. Rfe1 h5 22. b4 axb4 23. axb4 h4 24. Nge2 Ng5 25. Nf4 Rxe3 26. Rxe3 Qxf4 27. Re5 h3 28. Bxc8 Rxc8 29. Qf5 hxg2+ 30. Kxg2 Qxf5 31. Rxf5 Ne6 32. Re5 Ra8 33. Kg3 g6 34. b5 Ra3 35. Re3 Ng7 36. Kf2 Nf5 37. Red3 cxb5 38. Nxb5 Ra4 39. Nc3 Rc4 40. Ne2 b5 41. Rb3 Nd6 42. Ra1 Kg7 43. Ra6 Nf5 44. Ra2 Nxd4 45. Nxd4 Rxd4 46. Rxb5 Rf4 47. Ke3 Rf5 48. Rb4 Re5+ 49. Kf2 Rf5 50. Ke3 Re5+ 1/2-1/2

[Event "PNWCC Online Masters Artist Point"]
[Site "Chess.com INT"]
[Date "2020.09.05"]
[Round "3"]
[White "Grinberg, Eyal"]
[Black "Wang, Alex Yuxuan"]
[Result "1-0"]
[WhiteElo "2491"]
[BlackElo "1983"]
[PlyCount "49"]
[EventDate "2020.09.05"]
[EventType "swiss"]
[EventRounds "9"]
[EventCountry "USA"]
[SourceTitle "CBM 198 Extra"]
[Source "ChessBase"]
[SourceDate "2020.11.30"]
[SourceVersion "1"]
[SourceVersionDate "2020.11.30"]
[SourceQuality "1"]

1. e4 c5 2. Nf3 d6 3. d4 cxd4 4. Nxd4 Nf6 5. Nc3 a6 6. Be2 e6 7. 0-0 Be7 8. Kh1 Nbd7 9. f4 0-0 10. Bf3 Qc7 11. Be3 Rd8 12. Qe1 Bf8 13. Qg3 Rb8 14. Rae1 e5 15. Nf5 g6 16. fxe5 dxe5 17. Bg5 Re8 18. Be2 b5 19. Ne3 Bg7 20. Qh4 Qc6 21. Ncd5 Nxd5 22. Nxd5 Qxc2 23. Bd1 Qxb2 24. Bb3 Nc5 25. Nf6+ 1-0

[Event "World op 48th"]
[Site "ICC INT"]
[Date "2020.08.09"]
[Round "9"]
[White "Ladan, Nicholas John"]
[Black "Wang, Alex Yuxuan"]
[Result "1-0"]
[WhiteElo "1850"]
[BlackElo "1983"]
[PlyCount "93"]
[EventDate "2020.08.07"]
[EventType "swiss"]
[EventRounds "9"]
[EventCountry "USA"]
[SourceTitle "CBM 197 Extra"]
[Source "ChessBase"]
[SourceDate "2020.09.30"]
[SourceVersion "1"]
[SourceVersionDate "2020.09.30"]
[SourceQuality "1"]

1. Nf3 d5 2. g3 Nf6 3. Bg2 Bf5 4. 0-0 c6 5. d3 h6 6. Nbd2 e6 7. Re1 Be7 8. b3 0-0 9. Bb2 Bh7 10. c4 c5 11. Ne5 Qc7 12. cxd5 exd5 13. Rc1 Qa5 14. a3 Rd8 15. d4 cxd4 16. b4 Qb6 17. Nb3 Nc6 18. Nxc6 bxc6 19. Bxd4 Qa6 20. Na5 Rac8 21. Bh3 Rc7 22. Qa4 c5 23. Bxc5 Bxc5 24. Rxc5 Rxc5 25. bxc5 Ne4 26. c6 Qb6 27. Rf1 Nc3 28. Qb4 Nxe2+ 29. Kh1 Be4+ 30. Bg2 Bxg2+ 31. Kxg2 Qxb4 32. axb4 d4 33. Rd1 d3 34. b5 Nd4 35. Rxd3 Nxc6 36. Rxd8+ Nxd8 37. Nc6 Nb7 38. Nxa7 Kf8 39. Nc6 Ke8 40. Kf3 Kd7 41. Kf4 Nd6 42. Nd4 Nc4 43. Nf5 Ke6 44. Nxg7+ Kf6 45. Ne8+ Kg6 46. Nc7 f6 47. Nd5 1-0

[Event "World op 48th"]
[Site "ICC INT"]
[Date "2020.08.08"]
[Round "4"]
[White "Cannon, Richard James"]
[Black "Wang, Alex Yuxuan"]
[Result "1-0"]
[WhiteElo "2013"]
[BlackElo "1983"]
[PlyCount "103"]
[EventDate "2020.08.07"]
[EventType "swiss"]
[EventRounds "9"]
[EventCountry "USA"]
[SourceTitle "CBM 197 Extra"]
[Source "ChessBase"]
[SourceDate "2020.09.30"]
[SourceVersion "1"]
[SourceVersionDate "2020.09.30"]
[SourceQuality "1"]

1. e4 c5 2. Nf3 d6 3. d4 cxd4 4. Nxd4 Nf6 5. Nc3 a6 6. a4 b6 7. Be2 Bb7 8. f3 Nbd7 9. 0-0 e6 10. Be3 Be7 11. Qd2 0-0 12. Rfd1 Qc7 13. Nb3 Rfd8 14. Qe1 d5 15. exd5 Nxd5 16. Nxd5 Bxd5 17. Nd4 Bf6 18. c4 Bb7 19. b4 e5 20. Qg3 Nf8 21. Nf5 Ne6 22. Qf2 Nd4 23. Nxd4 exd4 24. Bxd4 Bxd4 25. Rxd4 Rxd4 26. Qxd4 Rd8 27. Qe3 h6 28. a5 bxa5 29. Rxa5 Qc6 30. Re5 Bc8 31. b5 axb5 32. cxb5 Qd7 33. Re7 Qd6 34. Re8+ Kh7 35. Rxd8 Qxd8 36. Qd3+ Qxd3 37. Bxd3+ f5 38. Bc4 Bb7 39. Be6 Kg6 40. Kf2 Kf6 41. Bd7 f4 42. Bc6 Bxc6 43. bxc6 Ke6 44. Ke2 Kd6 45. Kd3 Kxc6 46. Ke4 Kd6 47. Kxf4 Ke6 48. h4 g6 49. g4 Kf6 50. Ke4 Ke6 51. f4 Kd6 52. f5 1-0

[Event "PNWCC Online Masters WOO"]
[Site "Chess.com INT"]
[Date "2020.07.06"]
[Round "7"]
[White "Morefield, Jason P"]
[Black "Wang, Alex Yuxuan"]
[Result "1/2-1/2"]
[WhiteElo "2227"]
[BlackElo "1983"]
[PlyCount "96"]
[EventDate "2020.07.04"]
[EventType "swiss (rapid)"]
[EventRounds "9"]
[EventCountry "USA"]
[SourceTitle "CBM 197 Extra"]
[Source "ChessBase"]
[SourceDate "2020.09.30"]
[SourceVersion "1"]
[SourceVersionDate "2020.09.30"]
[SourceQuality "1"]

1. d4 Nf6 2. c4 g6 3. Nc3 d5 4. Nf3 Bg7 5. Qb3 dxc4 6. Qxc4 0-0 7. e4 Na6 8. Be2 c5 9. d5 Bg4 10. e5 Bxf3 11. gxf3 Nd7 12. f4 Nb6 13. Qe4 Nb4 14. Bf3 c4 15. h4 Qd7 16. h5 Rad8 17. e6 fxe6 18. Bg4 Rf6 19. hxg6 exd5 20. Qe2 e6 21. gxh7+ Kh8 22. Kf1 Nd3 23. Rh5 Rdf8 24. Kg1 Qf7 25. Rg5 Nxf4 26. Bxf4 Rxf4 27. Bxe6 Qf6 28. Rg2 Re8 29. Re1 Rh4 30. Rg4 Rh5 31. Rg3 Qh6 32. Qf3 Rf8 33. Bf7 Rg5 34. Kg2 Nd7 35. Rh1 Rxg3+ 36. Qxg3 Qd2 37. Bxd5 Qxb2 38. Ne4 Nf6 39. Nxf6 Qxf6 40. Bxb7 c3 41. Be4 Qb6 42. Rf1 Qa6 43. Rd1 Qc4 44. Qe3 Qe6 45. Rc1 Qxa2 46. Rxc3 Rxf2+ 47. Qxf2 Qxf2+ 48. Kxf2 Bxc3 1/2-1/2

[Event "PNWCC Online Masters WOO"]
[Site "Chess.com INT"]
[Date "2020.07.05"]
[Round "5.40"]
[White "Chen, Megan"]
[Black "Wang, Alex Yuxuan"]
[Result "0-1"]
[WhiteElo "1549"]
[BlackElo "1983"]
[PlyCount "70"]
[EventDate "2020.07.04"]
[EventType "swiss (rapid)"]
[EventRounds "9"]
[EventCountry "USA"]
[SourceTitle "CBM 197 Extra"]
[Source "ChessBase"]
[SourceDate "2020.09.30"]
[SourceVersion "1"]
[SourceVersionDate "2020.09.30"]
[SourceQuality "1"]

1. e4 c5 2. d4 cxd4 3. c3 dxc3 4. Nxc3 Nc6 5. Nf3 g6 6. Bc4 Bg7 7. e5 a6 8. 0-0 b5 9. Bb3 Bb7 10. Bf4 Na5 11. Bxf7+ Kxf7 12. Ng5+ Ke8 13. e6 d6 14. Nf7 Qb6 15. Nd5 Bxd5 16. Qxd5 Qc6 17. Qd3 Nf6 18. Nxh8 Bxh8 19. Rac1 Qb7 20. Rc2 Nc4 21. Rfc1 Nd5 22. Qf3 Rb8 23. Bh6 Bf6 24. b3 Nb4 25. Qxb7 Rxb7 26. Re2 Nd3 27. Rcc2 Nb6 28. Be3 Kd8 29. Red2 Nb4 30. Rc1 N4d5 31. Bh6 b4 32. Rdc2 Nc3 33. a3 a5 34. axb4 axb4 35. Bd2 Ne2+ 0-1

[Event "PNWCC Online Masters WOO"]
[Site "Chess.com INT"]
[Date "2020.07.04"]
[Round "1.11"]
[White "Wang, Alex Yuxuan"]
[Black "Postny, Evgeny"]
[Result "0-1"]
[WhiteElo "1983"]
[BlackElo "2600"]
[PlyCount "68"]
[EventDate "2020.07.04"]
[EventType "swiss (rapid)"]
[EventRounds "9"]
[EventCountry "USA"]
[SourceTitle "CBM 197 Extra"]
[Source "ChessBase"]
[SourceDate "2020.09.30"]
[SourceVersion "1"]
[SourceVersionDate "2020.09.30"]
[SourceQuality "1"]

1. Nf3 d5 2. d4 Nf6 3. g3 e6 4. Bg2 b5 5. 0-0 Bb7 6. Ne5 Nbd7 7. c4 bxc4 8. Nxc4 c6 9. Ncd2 c5 10. dxc5 Bxc5 11. Nb3 Be7 12. Nc3 0-0 13. Bf4 a5 14. Na4 e5 15. Bg5 Bc6 16. Bxf6 Nxf6 17. Nbc5 Rb8 18. b3 Bxc5 19. Nxc5 Qb6 20. Rc1 Rfc8 21. Qd2 Bb5 22. Nd3 e4 23. Nf4 d4 24. Rfd1 Rxc1 25. Rxc1 Rd8 26. h4 h6 27. Qc2 d3 28. exd3 exd3 29. Qd2 Qd4 30. Rc3 Ne4 31. Bxe4 Qxe4 32. h5 Bc6 33. Rxc6 Qxc6 34. Nxd3 Qd5 0-1

[Event "PNWCC Online Masters"]
[Site "Chess.com INT"]
[Date "2020.05.25"]
[Round "8.35"]
[White "Samant, Neil"]
[Black "Wang, Alex Yuxuan"]
[Result "1/2-1/2"]
[WhiteElo "1764"]
[BlackElo "1983"]
[PlyCount "48"]
[EventDate "2020.05.23"]
[EventType "swiss (rapid)"]
[EventRounds "9"]
[EventCountry "USA"]
[SourceTitle "CBM 196 Extra"]
[Source "ChessBase"]
[SourceDate "2020.07.31"]
[SourceVersion "1"]
[SourceVersionDate "2020.07.31"]
[SourceQuality "1"]

1. e4 c5 2. Nf3 d6 3. Bb5+ Bd7 4. Bxd7+ Qxd7 5. c4 e5 6. Nc3 Nc6 7. 0-0 g6 8. d3 Bg7 9. a3 Nge7 10. Rb1 0-0 11. b4 b6 12. b5 Nd4 13. Nxd4 exd4 14. Nd5 Nxd5 15. exd5 Rfe8 16. Qf3 Re7 17. Bg5 f6 18. Bf4 g5 19. Bd2 Rae8 20. Rfe1 h6 21. g4 Re5 22. Rxe5 fxe5 23. Qe4 Qf7 24. f3 Rf8 1/2-1/2